| LEADER | 00534cam a2200157 7i4500 | ||
|---|---|---|---|
| 001 | 0000020892 | ||
| 005 | 20080326090000.0 | ||
| 022 | 0 | 0 | |a 1378-4048 |
| 090 | 0 | 0 | |a T 382.7 |b BUR[ARGT] |
| 245 | 0 | 0 | |a Bureau International Des Tarifs Douaniers = |l International Customs Tariffs Bureau : |b Argentina : journal no:58,2007. |
| 250 | 0 | 0 | |a 16th ed. |
| 260 | 0 | 0 | |a Brussels: |b International Customs Tariffs Bureau, |c 2007. |
| 300 | # | # | |a 360 p. |
| 650 | 0 | 0 | |a Tariff -- |z Argentina |
| 651 | 0 | 0 | |a Argentina |
| 999 | |a 0000022032 |b Book |c Tariffs |e Business Information Centre | ||